Electrical and mechanical oscillations : an introduction.
Guardado en:
| Autor Principal: | |
|---|---|
| Formato: | Libro |
| Idioma: | English |
| Publicado: |
London :
Routledge and K. Paul,
[1961]
|
| Series: | Library of mathematics
|
| Materias: | |
| Etiquetas: |
Agregar Etiqueta
Sin Etiquetas, Sea el primero en etiquetar este registro!
|
| LEADER | 00592nam a22001931a 4500 | ||
|---|---|---|---|
| 001 | MAT.inmabb005825 | ||
| 008 | 840619s1961####enka##########000#0#eng## | ||
| 005 | 20170518161723.0 | ||
| 245 | 1 | 0 | |a Electrical and mechanical oscillations : |b an introduction. |
| 260 | |a London : |b Routledge and K. Paul, |c [1961] | ||
| 300 | |a 104 p. : |b il. ; |c 19 cm. | ||
| 440 | 0 | |a Library of mathematics | |
| 510 | 4 | |a MR, |c *REVIEW #* | |
| 100 | 1 | |a Jones, D. S. |q (Douglas Samuel) | |
| 650 | 0 | |a Oscillations. | |
| 084 | |a 70 |2 MR | ||
| 010 | |a 62030139 | ||
| 040 | |a DLC/ICU |c ICU |d DLC | ||
| 859 | |h 70 |i D77 |p A-4878 |b BIB. MATEMATICA | ||
